|
|
|
|
| LEADER |
00000nam a2200000 a 4500 |
| 001 |
vtls001373110 |
| 003 |
SK-MaSNL |
| 005 |
20260301115353.0 |
| 008 |
160208s1999 xo r 0 slo |
| 015 |
|
|
|a SNBA2000/01-00124
|
| 020 |
|
|
|a 8088960118
|
| 035 |
|
|
|a SNK000326973
|
| 035 |
|
|
|a urn:nbn:sk:snk-amkk20
|
| 035 |
|
|
|a urn:nbn:sk:snk-am0012sx
|
| 035 |
|
|
|a CB80150F-22BB-40AF-8320-9A34D1353CAF
|
| 040 |
|
|
|a SNK
|b slo
|c SNK
|e AACR2
|
| 041 |
0 |
|
|a slo
|
| 044 |
|
|
|a xo
|c SK
|
| 080 |
|
|
|a 224.5
|2 1981
|
| 245 |
0 |
0 |
|a Objavy v knihe Daniel
|n 1-11 lekcia
|p Poznámky na doplnenie pracovných listov účastníka
|
| 260 |
|
|
|a [Vrútky
|b Advent-Orion
|c 1999]
|
| 300 |
|
|
|a 13 s.
|c 21 cm
|
| 500 |
|
|
|a Obalový názov
|
| 630 |
0 |
7 |
|a Biblia
|p Daniel
|2 SNK
|9 67268
|
| 650 |
0 |
7 |
|a biblické proroctvá
|2 SNK
|9 67269
|
| 655 |
|
7 |
|a príručky
|2 SNK
|9 74364
|
| 919 |
|
|
|a 80-88960-11-8
|
| 958 |
|
|
|a NT
|
| 958 |
|
|
|a TL
|
| 958 |
|
|
|a BQ
|
| 999 |
|
|
|c 721981
|d 723911
|
| 952 |
|
|
|t P60, <03>, [BOOK], {603}
|a SNK
|b SNK
|y PREZ
|7 0
|p 17A0212127
|o snkSC 99628/1-11
|i snkKSP 9333/99
|0 0
|1 0
|4 0
|d 1999-09-27
|f 1
|l 0
|r 2025-09-19 00:00:00
|w 2026-02-23
|
| 952 |
|
|
|t P60, <04>, [BOOK], {604}
|a SNK
|b SNK
|y VYP
|7 0
|p 17A0212128
|o snkSC 99628/1-11 D1
|i snkKSP 9334/99
|0 0
|1 0
|4 0
|d 1999-09-27
|l 0
|r 2005-01-02 00:00:00
|w 2026-02-23
|
| 952 |
|
|
|t P60, <09>, [BOOK], {629}
|a SNK
|b SNK
|y NEVYP
|7 0
|o snkC 648
|i snk1211/991011
|0 0
|1 0
|4 0
|d 1999-10-06
|l 0
|r 2005-01-02 00:00:00
|w 2026-02-23
|